[Event "C.to Provinciale PV"]
[Site "Cilavegna ITA"]
[Date "2006.01.08"]
[Round "5"]
[White "Ornati, Gianmaria"]
[Black "Torretta, Gilberto"]
[Result "1/2-1/2"]
[WhiteElo "1675"]
[BlackElo "1664"]
[PlyCount "34"]
[EventDate "2006.01.06"]

1. d4 Nf6 2. c4 g6 3. Nc3 Bg7 4. Nf3 O-O 5. e4 d6 6. Be2 c6 7. O-O a5 8. Qc2
Na6 9. a3 Nc7 10. e5 dxe5 11. dxe5 Ng4 12. Rd1 Bd7 13. Na4 Ne6 14. Qb3 Nxe5 15.
Nxe5 Bxe5 16. Be3 Bc7 17. Qxb7 Rb8 1/2-1/2

[Event "C.to Provinciale PV"]
[Site "Cilavegna ITA"]
[Date "2006.01.08"]
[Round "5"]
[White "Orsi, Matteo"]
[Black "Fadali, Mustafa"]
[Result "0-1"]
[WhiteElo "1900"]
[BlackElo "2009"]
[PlyCount "60"]
[EventDate "2006.01.06"]

1. d4 d5 2. c4 c6 3. Nc3 Nf6 4. Nf3 e6 5. cxd5 exd5 6. Bg5 Nbd7 7. e3 Qa5 8.
Bxf6 Nxf6 9. Qc2 Bb4 10. Bd3 Bg4 11. Ne5 Be6 12. O-O O-O 13. Rac1 Bd6 14. f3
Rac8 15. Ng4 Bxg4 16. fxg4 Bxh2+ 17. Kh1 Qc7 18. Rxf6 gxf6 19. Bxh7+ Kg7 20. g5
fxg5 21. Bf5 Rce8 22. e4 Bf4 23. e5 Rh8+ 24. Kg1 Be3+ 25. Kf1 Rh1+ 26. Ke2 Rxc1
27. Qd3 Bxd4 28. Kd2 Rxc3 29. bxc3 Bxe5 30. Bg4 Bf4+ 0-1

[Event "C.to Provinciale PV"]
[Site "Cilavegna ITA"]
[Date "2006.01.08"]
[Round "5"]
[White "Ranola, Yves"]
[Black "Griffini, Andrea"]
[Result "1-0"]
[WhiteElo "2434"]
[BlackElo "1732"]
[PlyCount "57"]
[EventDate "2006.01.06"]

1. Nf3 Nf6 2. g3 d5 3. Bg2 Nc6 4. c4 d4 5. O-O Bg4 6. d3 Qd7 7. b4 Bh3 8. b5
Nd8 9. Bb2 h5 10. Bxd4 Bxg2 11. Kxg2 h4 12. Bxf6 exf6 13. Nc3 hxg3 14. fxg3 Bd6
15. Ne4 Ne6 16. d4 Nf4+ 17. gxf4 Qg4+ 18. Kh1 Bxf4 19. Qd3 O-O-O 20. Rf2 Rh3
21. Rg2 Qh5 22. Nf2 Rg3 23. Rag1 Rxg2 24. Rxg2 Rh8 25. Qe4 g5 26. e3 f5 27.
Qxf5+ Kb8 28. Ng4 Qh3 29. Ng1 1-0

[Event "C.to Provinciale PV"]
[Site "Cilavegna ITA"]
[Date "2006.01.08"]
[Round "6"]
[White "Arena, Piermario"]
[Black "Torretta, Gilberto"]
[Result "1-0"]
[WhiteElo "1670"]
[BlackElo "1664"]
[PlyCount "47"]
[EventDate "2006.01.06"]

1. e4 d6 2. d4 g6 3. Nc3 Bg7 4. Nf3 Nf6 5. h3 O-O 6. Be2 c6 7. O-O b5 8. e5
Nfd7 9. Bf4 dxe5 10. dxe5 Na6 11. Qc1 Nb6 12. Rd1 Qe8 13. Bh6 Nc7 14. Bxg7 Kxg7
15. Nd4 a6 16. Bf3 Bb7 17. Ne4 Ncd5 18. Nc5 Qc8 19. b3 e6 20. c4 Ne7 21. cxb5
Nbd5 22. Nxb7 Qxb7 23. bxc6 Nxc6 24. Qxc6 1-0

[Event "C.to Provinciale PV"]
[Site "Cilavegna ITA"]
[Date "2006.01.08"]
[Round "6"]
[White "Cammarata, Antonino"]
[Black "Sparpaglione, Bruno"]
[Result "0-1"]
[WhiteElo "1540"]
[BlackElo "1790"]
[PlyCount "96"]
[EventDate "2006.01.06"]

1. Nf3 d5 2. g3 Nf6 3. Bg2 c5 4. d4 cxd4 5. Qxd4 Nc6 6. Qa4 Bd7 7. Qb3 Qc8 8.
h4 e6 9. Bg5 Be7 10. Nbd2 h6 11. Bf4 Nh5 12. Be3 Bd6 13. Nd4 Ne5 14. Rc1 Ng4
15. Bxd5 exd5 16. Qxd5 Nxg3 17. Rg1 Qc5 18. Qxb7 O-O 19. Qxd7 Nxe3 20. fxe3
Rae8 21. N2b3 Qe5 22. Qg4 Qxe3 23. Qxg7+ Kxg7 24. Nf5+ Kh7 25. Nxe3 Rxe3 26.
Nd4 Rfe8 27. Rg2 Be5 28. Nf3 Nxe2 29. Rxe2 Bg3+ 30. Kd2 Rxe2+ 31. Kd1 Rf2 32.
c3 Rxf3 33. Kc2 Rf2+ 34. Kb3 Ree2 35. Rb1 Bxh4 36. a4 Be7 37. a5 h5 38. a6 Rf6
39. Rh1 Rb6+ 40. Kc4 h4 41. b4 Rxa6 42. b5 Rb6 43. Rh3 a6 44. bxa6 Rxa6 45. Kb5
Rh6 46. c4 Rb2+ 47. Ka5 Bd8+ 48. Ka4 Ra6# 0-1

[Event "C.to Provinciale PV"]
[Site "Cilavegna ITA"]
[Date "2006.01.08"]
[Round "6"]
[White "Fadali, Mustafa"]
[Black "Ornati, Gianmaria"]
[Result "1/2-1/2"]
[WhiteElo "2009"]
[BlackElo "1675"]
[PlyCount "34"]
[EventDate "2006.01.06"]

1. e4 c5 2. Nf3 d6 3. d4 cxd4 4. Nxd4 Nf6 5. Nc3 a6 6. Be2 e6 7. Be3 b5 8. a3
Bb7 9. f3 Be7 10. Qd2 O-O 11. g4 Nc6 12. Nxc6 Bxc6 13. Rd1 Qc7 14. Bf4 Rfd8 15.
g5 Nh5 16. Be3 g6 17. O-O e5 1/2-1/2

[Event "C.to Provinciale PV"]
[Site "Cilavegna ITA"]
[Date "2006.01.08"]
[Round "6"]
[White "Giuberchio, Cesare"]
[Black "Ranola, Yves"]
[Result "1/2-1/2"]
[WhiteElo "1973"]
[BlackElo "2434"]
[PlyCount "27"]
[EventDate "2006.01.06"]

1. e4 c5 2. Nf3 Nc6 3. d4 cxd4 4. Nxd4 g6 5. Nc3 Bg7 6. Be3 Nf6 7. Nxc6 bxc6 8.
e5 Nd5 9. Nxd5 cxd5 10. Qxd5 Rb8 11. Bc4 O-O 12. O-O Bb7 13. Qc5 Rc8 14. Qxa7
1/2-1/2

[Event "C.to Provinciale PV"]
[Site "Cilavegna ITA"]
[Date "2006.01.08"]
[Round "6"]
[White "Marchesotti, Giovanni"]
[Black "Crimi, Alessandro"]
[Result "1/2-1/2"]
[WhiteElo "1550"]
[BlackElo "1856"]
[PlyCount "63"]
[EventDate "2006.01.06"]

1. Nf3 Nf6 2. g3 g6 3. Bg2 Bg7 4. O-O c5 5. d3 d5 6. Nbd2 O-O 7. Re1 Nc6 8. a3
e5 9. e4 d4 10. h3 Qc7 11. Nf1 h6 12. Bd2 Be6 13. b4 c4 14. dxc4 Bxc4 15. Qc1
Kh7 16. c3 Bxf1 17. Bxf1 Rac8 18. Qb2 Qb6 19. c4 Rfd8 20. c5 Qc7 21. Rac1 a6
22. Bd3 Qd7 23. Kg2 Ne7 24. Nxe5 Qe6 25. f4 b5 26. Bb1 Nc6 27. Ba2 Qe7 28. Nxf7
Qb7 29. Nd6 Rxd6 30. cxd6 Rd8 31. Bb1 Rxd6 32. Bd3 1/2-1/2

[Event "C.to Provinciale PT"]
[Site "Pistoia ITA"]
[Date "2006.01.03"]
[Round "1"]
[White "Gallitto, Salvatore"]
[Black "Venturi, Luca"]
[Result "1/2-1/2"]
[WhiteElo "1941"]
[BlackElo "1557"]
[PlyCount "82"]
[EventDate "2006.01.03"]

1. d4 d5 2. e3 e6 3. f4 c5 4. c3 Nc6 5. Nf3 Nf6 6. Bd3 Be7 7. O-O O-O 8. Ne5
Ne4 9. Nd2 f5 10. Ndf3 Bd7 11. Bd2 Be8 12. Nxc6 bxc6 13. Ne5 cxd4 14. exd4 c5
15. Be3 Qb6 16. Qb3 c4 17. Qxb6 axb6 18. Bc2 b5 19. a3 Bf6 20. Bd1 h6 21. g4
Bxe5 22. dxe5 Bg6 23. h3 fxg4 24. hxg4 Rf7 25. Kg2 Kf8 26. Be2 Ke7 27. Rf3 Bh7
28. Rh3 Bg6 29. Rf1 Kd7 30. Rhf3 Raf8 31. Rh3 Kc6 32. Ra1 Nc5 33. Rd1 Be4+ 34.
Kg1 Nd3 35. Bxd3 Bxd3 36. Rd2 Kd7 37. Rf2 Be4 38. Rh4 Kc6 39. Rhh2 Rc7 40. g5
hxg5 41. fxg5 Rcf7 1/2-1/2

[Event "XVII Weekend B"]
[Site "Campodarsego ITA"]
[Date "2006.01.20"]
[Round "1"]
[White "Bernardo, Davide"]
[Black "Liekocaj, Ivan"]
[Result "0-1"]
[WhiteElo "1473"]
[BlackElo "1700"]
[PlyCount "42"]
[EventDate "2006.01.20"]

1. c4 Nf6 2. g3 e6 3. Bg2 c6 4. e4 d6 5. d4 Be7 6. Ne2 O-O 7. O-O e5 8. Nbc3 a5
9. Rb1 Na6 10. a3 Bg4 11. b4 axb4 12. axb4 exd4 13. Qxd4 Nxb4 14. Nf4 Nd7 15.
Bd2 c5 16. Qe3 Ne5 17. Rxb4 cxb4 18. Ncd5 Ra3 19. Qd4 Bf6 20. Nxf6+ Qxf6 21.
Bxb4 Nf3+ 0-1

[Event "XVII Weekend B"]
[Site "Campodarsego ITA"]
[Date "2006.01.20"]
[Round "1"]
[White "Bonani, Georg"]
[Black "Caverzan, Leonardo"]
[Result "1-0"]
[WhiteElo "1897"]
[BlackElo "1551"]
[PlyCount "55"]
[EventDate "2006.01.20"]

1. e4 c5 2. Nf3 d6 3. d4 cxd4 4. Nxd4 Nf6 5. Nc3 e6 6. g4 e5 7. Nf5 a6 8. g5
Ng8 9. Rg1 g6 10. Ne3 Be6 11. Ned5 Bg7 12. Be3 Nd7 13. Qd2 Ne7 14. O-O-O Nc8
15. h4 O-O 16. Kb1 f5 17. gxf6 Nxf6 18. Bg5 Qd7 19. Bxf6 Bxf6 20. h5 Bg4 21.
hxg6 Bxd1 22. gxh7+ Kxh7 23. Qxd1 Qf7 24. Nc7 Rb8 25. Bc4 Qg6 26. Rxg6 Kxg6 27.
Qg4+ Bg5 28. Ne6 1-0

[Event "XVII Weekend B"]
[Site "Campodarsego ITA"]
[Date "2006.01.20"]
[Round "1"]
[White "Busa', Michele"]
[Black "Camonico, Andrea"]
[Result "1-0"]
[WhiteElo "1616"]
[BlackElo "1425"]
[PlyCount "63"]
[EventDate "2006.01.20"]

1. Nf3 d5 2. g3 c6 3. Bg2 Nf6 4. d4 e6 5. O-O Be7 6. Ne5 O-O 7. c4 Nbd7 8. cxd5
exd5 9. Nc3 Bd6 10. Nf3 Re8 11. Qc2 h6 12. e4 Nxe4 13. Nxe4 dxe4 14. Nd2 Nf6
15. Nxe4 Nxe4 16. Bxe4 Bh3 17. Bg2 Bxg2 18. Kxg2 Qf6 19. Be3 Rac8 20. Rac1 Qe6
21. Rfe1 Qd5+ 22. Kg1 b6 23. Qe2 c5 24. Qg4 Qe6 25. Qxe6 Rxe6 26. dxc5 Bxc5 27.
b4 Rec6 28. bxc5 bxc5 29. Rc4 Ra6 30. a4 Ra5 31. Rb1 a6 32. Bd2 1-0

[Event "XVII Weekend B"]
[Site "Campodarsego ITA"]
[Date "2006.01.20"]
[Round "1"]
[White "Camosi, Roberto"]
[Black "Sartori, Francesco"]
[Result "1-0"]
[WhiteElo "1703"]
[BlackElo "1476"]
[PlyCount "71"]
[EventDate "2006.01.20"]

1. e4 e5 2. Nf3 Nc6 3. Bb5 a6 4. Ba4 Nf6 5. O-O Be7 6. Re1 b5 7. Bb3 O-O 8. c3
d5 9. exd5 Nxd5 10. Nxe5 Nxe5 11. Rxe5 c6 12. d4 Bd6 13. Re1 Qh4 14. g3 Qh3 15.
a4 Bg4 16. Qd3 b4 17. Bxd5 cxd5 18. Be3 a5 19. Nd2 Rae8 20. c4 Qh5 21. c5 Bc7
22. Qf1 f5 23. f4 Re6 24. Qg2 Rd8 25. Rac1 Qe8 26. Bf2 Re2 27. b3 Qh5 28. Rxe2
Bxe2 29. Re1 Bg4 30. Re7 Bh3 31. Qf3 Bg4 32. Qe3 Bb8 33. c6 Bh3 34. c7 Qd1+ 35.
Be1 Bxc7 36. Re8+ 1-0

[Event "XVII Weekend B"]
[Site "Campodarsego ITA"]
[Date "2006.01.20"]
[Round "1"]
[White "Facchin, Francesco"]
[Black "Pagan, Andrea"]
[Result "0-1"]
[WhiteElo "1506"]
[BlackElo "1733"]
[PlyCount "55"]
[EventDate "2006.01.20"]

1. d4 Nf6 2. Nf3 e6 3. Bg5 Be7 4. e3 b6 5. Bd3 Bb7 6. Nbd2 d5 7. Bxf6 Bxf6 8.
Qe2 Nd7 9. c3 O-O 10. O-O e5 11. dxe5 Nxe5 12. Nxe5 Bxe5 13. Nf3 Bd6 14. Qc2 h6
15. Rad1 Re8 16. Bf5 Qf6 17. Bh7+ Kh8 18. Qf5 Qe7 19. Rd4 g6 20. Bxg6 fxg6 21.
Qxg6 Qg7 22. Qh5 Rg8 23. g3 Qg6 24. Qxg6 Rxg6 25. Nh4 Rf6 26. f4 Bc5 27. Rd3
Ba6 28. Rxd5 0-1

[Event "XVII Weekend B"]
[Site "Campodarsego ITA"]
[Date "2006.01.20"]
[Round "1"]
[White "Forato, Enrico"]
[Black "Pivovarov, Michail"]
[Result "1/2-1/2"]
[WhiteElo "1951"]
[BlackElo "1600"]
[PlyCount "125"]
[EventDate "2006.01.20"]

1. e4 d5 2. exd5 Nf6 3. Bb5+ Bd7 4. Be2 Nxd5 5. d4 g6 6. Nf3 Bg7 7. c4 Nf6 8.
Nc3 O-O 9. O-O Re8 10. Ne5 Bf5 11. f4 c6 12. Be3 Na6 13. g4 Bc8 14. Qd2 Nd7 15.
Ne4 Nc7 16. Rad1 Nf8 17. f5 f6 18. Nd3 g5 19. Nb4 a5 20. Nc2 b5 21. d5 cxd5 22.
cxb5 Bxf5 23. Nxf6+ Bxf6 24. gxf5 e5 25. b6 d4 26. bxc7 Qxc7 27. Bf2 Rad8 28.
Qd3 Rc8 29. Rc1 Qb7 30. Qa6 Qxa6 31. Bxa6 Rcd8 32. Rcd1 Kg7 33. Rfe1 Rb8 34.
Nxd4 exd4 35. Rxe8 Rxe8 36. Bxd4 Rb8 37. b3 Rb4 38. Bxf6+ Kxf6 39. Rd5 a4 40.
Bc4 axb3 41. axb3 Rb7 42. Kf2 h5 43. Kf3 Re7 44. Rd8 Nd7 45. Be6 Nc5 46. Rf8+
Kg7 47. f6+ Kxf8 48. fxe7+ Kxe7 49. Bc4 Kf6 50. b4 Nd7 51. Ke4 Nb6 52. Bb3 Nc8
53. b5 Nd6+ 54. Kd5 Nxb5 55. Bc2 g4 56. Ke4 Kg5 57. Bd3 Nd6+ 58. Ke3 h4 59. Bf1
Nf5+ 60. Ke4 Ne7 61. Ke5 Ng8 62. Ke4 Nh6 63. Ke5 1/2-1/2

[Event "XVII Weekend B"]
[Site "Campodarsego ITA"]
[Date "2006.01.20"]
[Round "1"]
[White "Fracasso Pezzolato, Michele"]
[Black "Giancristofaro, Luca"]
[Result "1-0"]
[WhiteElo "1799"]
[BlackElo "1509"]
[PlyCount "51"]
[EventDate "2006.01.20"]

1. e4 c5 2. Nc3 Nc6 3. f4 Qc7 4. g3 e6 5. Bg2 b6 6. Nf3 Nge7 7. Nb5 Qb8 8. O-O
a6 9. Nc3 g6 10. d4 cxd4 11. Nxd4 Bg7 12. e5 Bb7 13. Ne4 Nc8 14. b3 d5 15. Ng5
Nxd4 16. Qxd4 h6 17. Nf3 Qc7 18. Ba3 Qxc2 19. Rfc1 Qe2 20. Rc7 Rb8 21. Bf1 Qxf3
22. Qa4+ b5 23. Bxb5+ Kd8 24. Rd7+ Ke8 25. Rxb7+ Kd8 26. Qa5+ 1-0

[Event "XVII Weekend B"]
[Site "Campodarsego ITA"]
[Date "2006.01.20"]
[Round "1"]
[White "Fragni, Enrico"]
[Black "Rosina, Graziano"]
[Result "1-0"]
[WhiteElo "1844"]
[BlackElo "1521"]
[PlyCount "88"]
[EventDate "2006.01.20"]

1. c4 Nf6 2. Nc3 c5 3. Nf3 Nc6 4. g3 g6 5. Bg2 Bg7 6. O-O O-O 7. e3 d6 8. d4
cxd4 9. exd4 Bg4 10. h3 Bd7 11. Re1 Re8 12. Bg5 Qc8 13. Kh2 h6 14. Bd2 Nb4 15.
b3 g5 16. Ne4 Nd3 17. Nxf6+ Bxf6 18. Re2 Bf5 19. Bc3 b5 20. Ne1 bxc4 21. Bxa8
Qxa8 22. bxc4 Bxh3 23. Qxd3 Bf1 24. Qe4 Qc8 25. Ng2 Bxe2 26. Qxe2 Qa6 27. Re1
Rc8 28. Ne3 e6 29. f4 Qb6 30. Rd1 Qb7 31. Ng4 Bg7 32. fxg5 hxg5 33. Qd3 f5 34.
Nf2 Kf7 35. d5 Bxc3 36. Qxc3 e5 37. Qd3 Kf6 38. g4 fxg4 39. Nxg4+ Kg7 40. Kg3
Rf8 41. Rh1 Rh8 42. Rxh8 Kxh8 43. Qg6 Qe7 44. Nf6 Qg7 1-0

[Event "XVII Weekend B"]
[Site "Campodarsego ITA"]
[Date "2006.01.20"]
[Round "1"]
[White "Frascati, Francesco"]
[Black "Castellano, Alfonso"]
[Result "1/2-1/2"]
[WhiteElo "1556"]
[BlackElo "1935"]
[PlyCount "118"]
[EventDate "2006.01.20"]

1. d4 Nf6 2. Nf3 d6 3. Nbd2 g6 4. g3 Bg7 5. Bg2 O-O 6. O-O Nbd7 7. Re1 c6 8. e4
e5 9. c3 Qc7 10. b3 Re8 11. Bb2 b5 12. Rc1 Bb7 13. c4 b4 14. d5 c5 15. a3 a5
16. a4 Nf8 17. h3 Nh5 18. Nh4 Bc8 19. Nf1 Qd8 20. Nf3 Re7 21. Rc2 Qe8 22. Bc1
f5 23. Ng5 Nf6 24. Ne6 fxe4 25. Bg5 Nxe6 26. Bxf6 Bxf6 27. dxe6 Ra6 28. Bxe4
Bxe6 29. h4 Rd7 30. Rd2 Bf5 31. Bd5+ Kh8 32. Qf3 Re7 33. Rde2 Bg7 34. g4 Be6
35. Ng3 Qd7 36. Bxe6 Qxe6 37. Ne4 Rf7 38. Qg3 Rf4 39. f3 Ra7 40. Rd1 Bf8 41.
Red2 Ra6 42. Kh2 h6 43. g5 Be7 44. Nf6 Bxf6 45. gxf6 Qxf6 46. Kg2 Rxh4 47. Rxd6
Rxd6 48. Rxd6 Qxd6 49. Qxh4 Qd2+ 50. Kf1 Qg5 51. Qe4 Qd8 52. Kg2 Qd2+ 53. Kf1
Qd1+ 54. Kg2 Kg7 55. Qxe5+ Kf7 56. Qc7+ Ke6 57. Qxc5 Qe2+ 58. Kg3 Qe5+ 59.
Qxe5+ Kxe5 1/2-1/2

[Event "XVII Weekend B"]
[Site "Campodarsego ITA"]
[Date "2006.01.20"]
[Round "1"]
[White "Giordan, Daniele"]
[Black "Elsler, Helene"]
[Result "1-0"]
[WhiteElo "1870"]
[BlackElo "1534"]
[PlyCount "43"]
[EventDate "2006.01.20"]

1. e4 e5 2. Nf3 d6 3. d4 Bg4 4. dxe5 Bxf3 5. gxf3 dxe5 6. Qxd8+ Kxd8 7. Be3 Nd7
8. Nd2 c6 9. O-O-O Kc7 10. Nb3 b6 11. f4 f6 12. Rg1 g6 13. fxe5 Nxe5 14. Nd4
Re8 15. Bh3 Bh6 16. Bxh6 Nxh6 17. Ne6+ Kb8 18. f4 Nef7 19. Rd7 Nd8 20. Nc7 Ne6
21. Bxe6 Rxe6 22. Nxe6 1-0

[Event "XVII Weekend B"]
[Site "Campodarsego ITA"]
[Date "2006.01.20"]
[Round "1"]
[White "Lucich, Gianni"]
[Black "Demiraj, Rumi"]
[Result "0-1"]
[WhiteElo "1550"]
[BlackElo "1895"]
[PlyCount "92"]
[EventDate "2006.01.20"]

1. d4 c6 2. e4 d5 3. Nc3 e6 4. a3 b6 5. Nf3 dxe4 6. Nxe4 Be7 7. Bc4 Nf6 8.
Nxf6+ Bxf6 9. O-O Ba6 10. Bxa6 Nxa6 11. c3 Nc7 12. Bf4 O-O 13. Qe2 Nd5 14. Bg3
Ne7 15. Rad1 Ng6 16. Ne5 Bxe5 17. dxe5 Qc7 18. Rd6 Rfd8 19. Rfd1 Rxd6 20. exd6
Qd7 21. h3 Re8 22. b4 f6 23. c4 Nf8 24. c5 bxc5 25. bxc5 Rb8 26. Re1 Kf7 27.
Qh5+ Ng6 28. f4 Kg8 29. Qg4 Nf8 30. Bh4 Kh8 31. Qf3 Rb5 32. Bf2 Kg8 33. Bd4 Rb8
34. Qc3 Ng6 35. f5 exf5 36. Qc4+ Kh8 37. Qa6 h5 38. Bc3 Kg8 39. Ba5 Ne5 40. Bc7
Re8 41. Rb1 Kh7 42. Rb7 Qe6 43. Rb8 Nf3+ 44. gxf3 Qe1+ 45. Qf1 Qg3+ 46. Qg2
Re1# 0-1

[Event "XVII Weekend B"]
[Site "Campodarsego ITA"]
[Date "2006.01.20"]
[Round "1"]
[White "Menin, Massimo"]
[Black "Marson, Antonio"]
[Result "0-1"]
[WhiteElo "1523"]
[BlackElo "1851"]
[PlyCount "62"]
[EventDate "2006.01.20"]

1. Nf3 d5 2. c4 c6 3. cxd5 cxd5 4. d4 Nf6 5. g3 Bf5 6. Nc3 h6 7. Bg2 e6 8. a3
Be7 9. O-O O-O 10. Re1 Re8 11. Nh4 Bh7 12. e4 dxe4 13. Nxe4 Nxe4 14. Bxe4 Bxe4
15. Rxe4 Bg5 16. Nf3 Bxc1 17. Rxc1 Nc6 18. b4 Rc8 19. Ne5 Qd5 20. Nxc6 Rxc6 21.
Rxc6 Qxc6 22. Re3 Rd8 23. f4 Rd5 24. Re5 Rd6 25. Kf2 b6 26. Qd3 Qh1 27. Rh5 Qa1
28. Ke3 f5 29. g4 Rc6 30. Qa6 Rc3+ 31. Kf2 Qb2+ 0-1

[Event "XVII Weekend B"]
[Site "Campodarsego ITA"]
[Date "2006.01.20"]
[Round "1"]
[White "Mogno, Stefano"]
[Black "Palumbo, Giuseppe"]
[Result "0-1"]
[WhiteElo "1431"]
[BlackElo "1631"]
[PlyCount "70"]
[EventDate "2006.01.20"]

1. e4 c5 2. Nf3 d6 3. d3 Nc6 4. Nc3 Nf6 5. g3 Bg4 6. Bg2 e6 7. Qd2 Be7 8. O-O
a6 9. b3 Qd7 10. Bb2 b5 11. a3 Nd4 12. Nxd4 cxd4 13. Ne2 e5 14. c3 Bxe2 15.
Qxe2 dxc3 16. Bxc3 Rc8 17. Rac1 O-O 18. Bd2 Rxc1 19. Rxc1 Rc8 20. Rxc8+ Qxc8
21. b4 Qc2 22. h3 Ne8 23. Bf1 Qb2 24. Qe3 Qxa3 25. h4 Qb2 26. Bh3 Qd4 27. Qxd4
exd4 28. f3 Nc7 29. Bg5 Kf8 30. Bxe7+ Kxe7 31. f4 Kd8 32. Bg4 Ne6 33. Kf2 Kc7
34. f5 Nd8 35. Ke2 Nc6 0-1

[Event "XVII Weekend B"]
[Site "Campodarsego ITA"]
[Date "2006.01.20"]
[Round "1"]
[White "Reginato, Sabrina"]
[Black "Vedovato, Rudi"]
[Result "1-0"]
[WhiteElo "1493"]
[BlackElo "1706"]
[PlyCount "73"]
[EventDate "2006.01.20"]

1. e4 d5 2. exd5 Nf6 3. d4 Nxd5 4. c4 Nf6 5. Nc3 g6 6. Nf3 Bg7 7. Be2 O-O 8.
O-O Nbd7 9. b3 c6 10. Bb2 b6 11. Qc2 Bb7 12. Rad1 Qc7 13. Rfe1 Rfe8 14. h3 Rad8
15. Bd3 Nh5 16. Be4 Ndf6 17. Qc1 Nxe4 18. Nxe4 Nf6 19. Nxf6+ Bxf6 20. Qh6 Bg7
21. Qh4 c5 22. Ng5 h5 23. g4 Qf4 24. Bc1 Qf6 25. gxh5 Rxd4 26. Rxd4 Qxd4 27.
Bf4 gxh5 28. Qg3 e5 29. Kh2 f6 30. Nf3 Qd3 31. Rg1 Re7 32. Be3 Kf8 33. Bh6 Qxf3
34. Bxg7+ Rxg7 35. Qxg7+ Ke8 36. Qg8+ Kd7 37. Rg7+ 1-0

[Event "XVII Weekend B"]
[Site "Campodarsego ITA"]
[Date "2006.01.20"]
[Round "1"]
[White "Zanon, Leandro"]
[Black "Tomio, Dante"]
[Result "1/2-1/2"]
[WhiteElo "1517"]
[BlackElo "1831"]
[PlyCount "121"]
[EventDate "2006.01.20"]

1. d4 d5 2. c4 c6 3. Nc3 Nf6 4. Nf3 e6 5. Bg5 Nbd7 6. e3 Bd6 7. cxd5 exd5 8.
Bd3 O-O 9. O-O h6 10. Bh4 Qc7 11. h3 Re8 12. Rc1 a6 13. a4 g5 14. Bg3 Bxg3 15.
fxg3 Qxg3 16. Qe2 g4 17. hxg4 Nxg4 18. Nd1 Ndf6 19. Qe1 Qxe1 20. Rxe1 Ne4 21.
Nh2 Nxh2 22. Kxh2 Bf5 23. Bxe4 Bxe4 24. Nf2 Re6 25. g3 Rae8 26. Rc3 Bf3 27. Nh3
Bg4 28. Nf4 Re4 29. Rd3 Kg7 30. b4 h5 31. Kg1 h4 32. Kh2 Rh8 33. Kg2 Bf5 34.
Red1 hxg3 35. Kxg3 Rxf4 36. Kxf4 Bxd3 37. Rxd3 Rh2 38. Rb3 Rc2 39. Kg4 f6 40.
Kf4 Rc4 41. Rb2 b6 42. a5 bxa5 43. bxa5 c5 44. Rb7+ Kg6 45. Rc7 cxd4 46. Rxc4
dxc4 47. exd4 c3 48. Ke3 Kf5 49. Kd3 c2 50. Kxc2 Ke4 51. Kc3 Kd5 52. Kd3 f5 53.
Ke3 Kc4 54. Kf4 Kxd4 55. Kxf5 Kc4 56. Ke4 Kb5 57. Kd3 Ka4 58. Kc2 Kxa5 59. Kb2
Kb4 60. Ka2 a5 61. Ka1 1/2-1/2

[Event "XVII Weekend B"]
[Site "Campodarsego ITA"]
[Date "2006.01.21"]
[Round "2"]
[White "Broli, Carlo"]
[Black "Fragni, Enrico"]
[Result "1/2-1/2"]
[WhiteElo "1653"]
[BlackElo "1844"]
[PlyCount "32"]
[EventDate "2006.01.20"]

1. c4 c6 2. Nf3 d6 3. d4 Bg4 4. e4 Nd7 5. Nc3 e5 6. d5 Be7 7. Be2 Ngf6 8. Be3
O-O 9. O-O a5 10. a3 Re8 11. Nd2 Bxe2 12. Qxe2 Nf8 13. f4 exf4 14. Bxf4 Ng6 15.
Be3 Qd7 16. Rad1 Qg4 1/2-1/2

[Event "XVII Weekend B"]
[Site "Campodarsego ITA"]
[Date "2006.01.21"]
[Round "2"]
[White "Camonico, Andrea"]
[Black "Facchin, Francesco"]
[Result "1/2-1/2"]
[WhiteElo "1425"]
[BlackElo "1506"]
[PlyCount "110"]
[EventDate "2006.01.20"]

1. d4 Nf6 2. Nf3 d5 3. Bf4 e6 4. Nbd2 c5 5. e3 cxd4 6. Nxd4 a6 7. Bd3 Nbd7 8.
N2f3 Nc5 9. O-O Qb6 10. Rb1 Bd7 11. Ne5 Bd6 12. Nxd7 Nfxd7 13. Bxd6 Qxd6 14. c4
Nxd3 15. Qxd3 Ne5 16. Qb3 Nxc4 17. Rfd1 O-O 18. Rbc1 Qb6 19. Qxb6 Nxb6 20. Rc7
Rab8 21. Rdc1 Na8 22. R7c2 Rfd8 23. f4 g6 24. b4 Nb6 25. Kf2 Nc4 26. Rc3 Rdc8
27. a4 b5 28. a5 Kg7 29. Ke2 Kf6 30. g4 h6 31. h4 Rh8 32. g5+ hxg5 33. hxg5+
Kg7 34. Nb3 Rh2+ 35. Kd3 Rb2 36. R1c2 Rxc2 37. Rxc2 Rc8 38. Nc5 Rc6 39. e4
dxe4+ 40. Kxe4 f6 41. Rc3 fxg5 42. fxg5 e5 43. Kd5 Rd6+ 44. Ke4 Rd4+ 45. Kf3
Rd6 46. Ke4 Rd4+ 47. Kf3 Rd6 48. Rd3 Rxd3+ 49. Nxd3 Nd2+ 50. Ke3 Nc4+ 51. Ke4
Kf7 52. Nxe5+ Nxe5 53. Kxe5 Ke7 54. Kd5 Kd7 55. Kc5 Kc7 1/2-1/2

[Event "XVII Weekend B"]
[Site "Campodarsego ITA"]
[Date "2006.01.21"]
[Round "2"]
[White "Camosi, Roberto"]
[Black "Bonani, Georg"]
[Result "1/2-1/2"]
[WhiteElo "1703"]
[BlackElo "1897"]
[PlyCount "59"]
[EventDate "2006.01.20"]

1. e4 e5 2. Nf3 Nc6 3. Bb5 a6 4. Ba4 Nf6 5. O-O Be7 6. Re1 b5 7. Bb3 O-O 8. c3
d5 9. exd5 Nxd5 10. Nxe5 Nxe5 11. Rxe5 c6 12. d4 Bd6 13. Re1 Qh4 14. g3 Qh3 15.
a4 Nf6 16. Qf3 Bb7 17. Bg5 Ng4 18. Qg2 Qh5 19. h4 h6 20. Be3 Rab8 21. Bd1 Rfe8
22. Bf3 Qg6 23. axb5 axb5 24. Ra7 Nxe3 25. fxe3 Bxg3 26. Rxb7 Bxe1 27. Qxg6
fxg6 28. Rxb8 Rxb8 29. Bxc6 Bxh4 30. Nd2 1/2-1/2

[Event "XVII Weekend B"]
[Site "Campodarsego ITA"]
[Date "2006.01.21"]
[Round "2"]
[White "Castellano, Alfonso"]
[Black "Reginato, Sabrina"]
[Result "1-0"]
[WhiteElo "1935"]
[BlackElo "1493"]
[PlyCount "79"]
[EventDate "2006.01.20"]

1. c4 e6 2. g3 d5 3. Bg2 Nf6 4. Nf3 c5 5. O-O Be7 6. Na3 O-O 7. d3 Nc6 8. b3 b6
9. Bb2 Bb7 10. e3 a6 11. Qe2 Rc8 12. Nc2 Qc7 13. Ng5 Rfd8 14. f4 Rd7 15. f5
exf5 16. Rxf5 dxc4 17. bxc4 Rcd8 18. Rd1 Bc8 19. Rff1 Ne5 20. Bxe5 Qxe5 21. Ne4
Rc7 22. d4 cxd4 23. exd4 Qa5 24. Ne3 Nxe4 25. Bxe4 Rcd7 26. Nd5 Bd6 27. Qh5 h6
28. Qf5 g6 29. Nf6+ Kh8 30. Qxa5 bxa5 31. Nxd7 Rxd7 32. c5 Bf8 33. c6 Rc7 34.
d5 Bd6 35. Rf6 Be5 36. d6 Rxc6 37. Bxc6 Bxf6 38. d7 Bxd7 39. Rxd7 Kg8 40. Bd5
1-0

[Event "XVII Weekend B"]
[Site "Campodarsego ITA"]
[Date "2006.01.21"]
[Round "2"]
[White "Caverzan, Leonardo"]
[Black "Bernardo, Davide"]
[Result "1-0"]
[WhiteElo "1551"]
[BlackElo "1473"]
[PlyCount "47"]
[EventDate "2006.01.20"]

1. e4 c5 2. Nf3 Nc6 3. d4 cxd4 4. Nxd4 g6 5. Be3 Bg7 6. Nc3 a6 7. Bc4 e6 8. Qd2
Nge7 9. O-O-O O-O 10. h4 h5 11. Bh6 d5 12. Bxg7 Kxg7 13. Bb3 Na5 14. exd5 Nxb3+
15. Nxb3 exd5 16. Nxd5 Be6 17. Qd4+ Kh6 18. Qf4+ Kg7 19. Qf6+ Kh6 20. Nxe7 Qe8
21. Rhe1 Rd8 22. Rxd8 Qxd8 23. Rxe6 Kh7 24. Re3 1-0